000 00422nam a2200169Ia 4500
003 LK-CoDNM
008 010623t1919 xxu||||| |||| 00| 1 eng d
040 _aLK-CoDNM
_dLK-CoDNM
_eLK-CoDNM
041 _aeng
080 _a50
_bD6
100 _aPerera,Theodore.G.
245 _aStandard Arithmetic
260 _bChristian Literature Society
_aColombo
_c1919
300 _b50p., 17 cm
650 _aText books
942 _cBK
999 _c89703
_d89703